Quizzes
Events
Quiz Creation
Community
Videos
Private Events
Remove Ads
Sign In
Join for FREE
Feedback
Dark Mode
Quiz Categories
Sports
Geography
Music
Movies
Television
Just For Fun
Miscellaneous
History
Literature
Language
Science
Gaming
Entertainment
Religion
Holiday
For Kids
Quiz Lab
Recent
Popular Today
Quiz Kudos Today
Editor Picks
Curator Picks
Quizzes by...
Day
Popularity
Type
Ratings
Length
Year
Community
Subscriptions
Recent Discussions
Orange Saloon
Badges
Playlists
Quests
Create
Leaderboards
Showdown
Live 5
Trivia Bingo
Activity
Puzzle Library
Sporcle Events
Private Events
Virtual Trivia
Globe League
Become a Host
Pub Owners
SporcleCon
Opinionation
Our Games
Videos
Blog
Mobile Apps
Partnerships
Remove Ads and Go Orange
Feedback
Miscellaneous
Crossword
General Knowledge
Baby Names
Logo
Food
Cars
Numbers
Grab Bag
University
College
Popular
Company
Slogans
Restaurants
Justice
Letter
Miscellaneous
Crossword
General Knowledge
Baby Names
Logo
Food
Cars
Numbers
Grab Bag
University
College
Popular
Company
Slogans
Restaurants
Justice
Letter
Random Quiz
Search Sporcle
×
Quiz Lab
Quiz Lab
Miscellaneous
Famous
Type in answers that appear in a list
Type in answers that appear in a list
Classic
Best Score? Go Orange.
People who drowned Stats
Can you name the people who famously drowned?
By
watson3001
10m
20 Questions
184 Plays
184 Plays
184 Plays
Comments
Comments
Give Quiz Kudos
Give Quiz Kudos
-
- Ratings
hide this ad
Replay
Link that replays current quiz
Next Quiz
Link to next quiz in quiz playlist
You Got
0%
They Got
Avg Score
26%
Avg Friend Score
Upgrade to see
Score Distribution
Jump to the score distribution portion of the page
Score
0/20
Timer
10:00
0
Plays Today
Year (Age)
Person
% Correct
1997 (30)
Jeff Buckley
66.3%
1983 (39)
Dennis Wilson
65.2%
1981 (43)
Natalie Wood
54.9%
1916 (47)
Grigori Rasputin
53.3%
1969 (27)
Brian Jones
45.1%
1941 (59)
Virginia Woolf
44%
1979 (67)
Josef Mengele
32.1%
1822 (29)
Percy Shelley
28.3%
1911 (74)
W.S. Gilbert
27.7%
1912 (49)
John Jacob Astor IV
22.3%
Year (Age)
Person
% Correct
circa 2300 BC
Everyone apart from Noah and his family
19.6%
1969 (28)
Mary Jo Kopechne
14.7%
1991 (68)
Robert Maxwell
10.3%
2004 (62)
Spalding Gray
9.8%
1983 (36)
Jessica Savitch
9.2%
1985 (42)
Carol Wayne
6%
1967 (59)
Harold Holt
6%
1983 (24)
Joe Delaney
5.4%
1974 (49)
Joe Flynn
3.8%
1996 (35)
Art Porter
2.7%
Quiz Playlist
Details
Report
Send in Message
Add To Playlist
Classic:
Type in answers that appear in a list
Last Updated: Feb 16, 2017
Quiz Scoreboard
CHALLENGE
Sign Up to Join the Scoreboard
Show All
Scores
Hide
Comments
May contain spoilers
Recently Published
College Basketball Coaching Resumes
by pancakes188
Sports
9m
Billboard Blitz: Fleetwood Mac
by CooCooCachoo
Music
15s
Presidents Visiting Landmarks
by Hejman
History
7m
More to Explore
Quiz From the Vault
Featured Blog Post
Where Did the Easter Bunny Come From?
hide this ad
You Might Also Like...
Tags
Famous Quiz
Age
background
Beach Boys
circumstance
death
Jeff Buckley
Person
Today's Top Quizzes in Miscellaneous
Browse Miscellaneous
hide this ad
Today's Top Quizzes in Famous
Browse Famous
Top Contributed Quizzes in Miscellaneous
1
5-to-1: Fast Food
2
The JOE quick-fire general knowledge quiz: Day 174
3
The JOE quick-fire general knowledge quiz: Day 173
4
5-to-1: Cocktails
5
The JOE quick-fire general knowledge quiz: Day 172
6
Sunday Crossword: Famous Bodies of Water
7
The JOE quick-fire general knowledge quiz: Day 171
8
One Thing in Common: United Kingdom II
9
Named After an Animal - Odd One Out!
10
The JOE quick-fire quiz: Day 170
Explore More
Trending Topics
Marvel
Kpop
Disney
Anime
NBA
Harry Potter
Crossword
WWE
NFL
Country
Pokémon
Puzzle
Song
The Office
Soccer
hide this ad
More By:
watson3001
Quiz
Plays
Rating
Category
Featured
Created
Guess The Lyrics: Radiohead
1,953
4.25
Music
Sep 9, 2010
Smells Like Teen Spirit Clicky-oke
1,834
4.30
Music
Oct 13, 2012
Guess The Lyrics: Beach Boys
1,365
4.08
Music
Sep 6, 2010
Guess The Lyrics: Nirvana
1,211
4.13
Music
Jan 23, 2011
Guess The Lyrics: Bowie
980
4.75
Music
Jan 23, 2011
Go to Creator's Profile
Score Distribution
Quiz Creator Spotlight
watson3001
Follow
Send a Message
Quizzes Created
-
Created Quiz Play Count
-
More By This Creator
Popular Quizzes Today
1
Find the US States - No Outlines Minefield
2
Find the Countries of Europe - No Outlines Minefield
3
The Countries of the World
4
Find the US States
5
Risky Map Clicking: Biggest States A-Z
6
US States
7
Popular People in 1961
8
Movies - When Are They Set?
More Miscellaneous Quizzes
Multi-Category Twosomes
Published
Trending Quizzes
Risky Map Clicking: Least Populous States A-Z
1-10 Letter G Words
1-10 Letter F Words
Risky Map Clicking: Next State Alphabetically
Click the Washington State Counties! (Map)
Recently Updated
Leaping Animals
pecheneg
Reality TV Shows (A-Z)
bhenderson79
Rickey Henderson's Hall of Fame Teammates
pecheneg
Champions League XIs: Arsenal
pecheneg
Quick Pick: Celebrities in WWE's Hall of Fame
aduchscher
A-Z Keypad Blitz II
pecheneg
Multiple Oscar Actors
pecheneg
Mystery Phrase Blitz: Oscar 'Best Actors'
pecheneg
F. Scott Fitzgerald Novels
LTH
Pick 3 Villains
ddd62291
Trending Topics
Crossword
Harry Potter
NBA
Kpop
Disney
Marvel
Anime
Country
Pokémon
Puzzle
The Office
WWE
Soccer
NFL
Song
Your Account Isn't Verified!
In order to create a playlist on Sporcle, you need to verify the email address you used during registration. Go to your
Sporcle Settings
to finish the process.
Report this User
Report this user for behavior that violates our
Community Guidelines
.
Details:
Send Report
Go to the Sporcle.com Mobile Site →
Comments